000 00664nam a2200253Ia 4500
005 20260121155156.0
008 008 260114s9999 xx 000 0 eng d
020 _a9781351017152
037 _aEBOOK
040 _aCRL
040 _beng
040 _cCRL
041 _2eng
041 _aeng
084 _qCRL
100 _a Samuel T. Hunter; Jeffrey Lovelace
_91016290
245 0 _aExtending the Charismatic, Ideological, and Pragmatic Approach to Leadership
260 _bTaylor and Francis
260 _c2020
856 _uhttp://www.taylorfrancis.com/books/9781351017152
942 _cEBOOK
999 _c1583109
_d1583109